000 00356nam a22001337a 4500
005 20250619095615.0
008 250619b |||||||| |||| 00| 0 eng d
050 _aBR123
_b.L485 LEW
100 _aLEWIS C. S.
245 _aTHE WEIGHT OF GLORY;
_bAND OTHER ADDRESSES
260 _aNEW YORK
_bTHE MACMILLAN COMPANY
_cc1949
300 _a66p
942 _2lcc
_cBK
_n0
999 _c6582
_d6582